KOHA-Header-6

Econometrics By Example (Record no. 380)

000 -LEADER
fixed length control field 00319nam a2200121Ia 4500
008 - FIXED-LENGTH DATA ELEMENTS--GENERAL INFORMATION
fixed length control field 190722s9999 xx 000 0 und d
020 ## - INTERNATIONAL STANDARD BOOK NUMBER
International Standard Book Number 978-1-137-37501-8
100 ## - MAIN ENTRY--PERSONAL NAME
Personal name Damodar Gujarati
245 #0 - TITLE STATEMENT
Title Econometrics By Example
260 ## - PUBLICATION, DISTRIBUTION, ETC. (IMPRINT)
Place of publication, distribution, etc London
Name of publisher, distributor, etc Palgrave Macmillan Publishers Limited.
Date of publication, distribution, etc 2015
300 ## - PHYSICAL DESCRIPTION
Extent 466
942 ## - ADDED ENTRY ELEMENTS (KOHA)
Koha item type Books
Holdings
Withdrawn status Lost status Source of classification or shelving scheme Damaged status Not for loan Collection code Permanent Location Current Location Shelving location Date acquired Full call number Barcode Date last seen Price effective from Koha item type
        Not For Loan Economics MAJU MAJU Shelf No.A39 REF 2019-07-22 330.015195 7006 2019-07-22 2019-07-22 Economics

Powered by Koha